000 00290nam a2200121Ia 4500
005 20251222154354.0
008 251222s9999||||xx |||||||||||||| ||spa||
020 _a8470903438
082 _a704.9482/C28
100 _aCarmona Muela, Juan
245 0 _aIconografía Cristiana:
942 _cLIB
999 _c35041
_d35041